000 00498nam a22001817a 4500
999 _c3039
_d3039
003 OSt
005 20230926104010.0
008 230926b ||||| |||| 00| 0 eng d
020 _a9789835997259
040 _cKH8
082 _a400 AHM
100 _aMohd Ahmed,
_eauthor.
245 _aSuper Skills PT3 Bahasa Melayu Tingkatan 1 /
_cMohd Ahmed.
260 _aMalaysia :
_bSasbadi Holding Berhad.
650 _aMalay language
_vForeign language
650 _aReference malay book
942 _2ddc
_cTR